| 000 | 00000nam 2200000zi 4500 |
| 001 | 9.944330 |
| 003 | CaOODSP |
| 005 | 20250403102726 |
| 006 | m o d f |
| 007 | cr cn||||||||| |
| 008 | 241022t20252025oncd obs f000 0 fre d |
| 020 | |a9780660741017 |
| 040 | |aCaOODSP|bfre|erda|cCaOODSP |
| 043 | |an-cn-on |
| 086 | 1 |aCS75-0002/2025-2F-PDF |
| 100 | 1 |aZhang, Xuelin, |d1961- |eauteur. |
| 245 | 10|aTendances récentes en assistance sociale en Ontario / |cpar Xuelin Zhang. |
| 264 | 1|a[Ottawa] : |bStatistique Canada = Statistics Canada, |c2025. |
| 264 | 4|c©2025 |
| 300 | |a1 ressource en ligne (20 pages) : |bgraphiques en couleur. |
| 336 | |atexte|btxt|2rdacontent/fre |
| 337 | |ainformatique|bc|2rdamedia/fre |
| 338 | |aressource en ligne|bcr|2rdacarrier/fre |
| 490 | 1 |aSérie de documents de recherche - revenu ; |x1707-2867 |
| 500 | |aTitre de la couverture. |
| 500 | |a« Date de diffusion : le 30 janvier 2025. » |
| 500 | |aPublié aussi en anglais sous le titre : Recent trends in social assistance in Ontario. |
| 504 | |aComprend des références bibliographiques. |
| 520 | |a« En utilisant une base de données récente et riche – la Base de données sur l'aide sociale en Ontario créée par Statistique Canada – ce rapport examine les tendances générales et désagrégées qu’ont suivi l’assistance sociale en Ontario et comment ces tendances ont variées selon la prestation de différents types de programmes et l’appartenances à différents groupes pour les Ontariens entre 2003 et 2019 » -- Fourni par l'éditeur. |
| 650 | 6|aAide sociale|zOntario|vStatistiques. |
| 650 | 6|aSécurité sociale|zOntario|vStatistiques. |
| 655 | 7|aStatistiques|2rvmgf |
| 710 | 2 |aStatistique Canada, |eorganisme de publication. |
| 775 | 08|tRecent trends in social assistance in Ontario / |w(CaOODSP)9.944329 |
| 830 | #0|aSérie de documents de recherche - revenu (Statistique Canada)|x1707-2867|w(CaOODSP)9.501116 |
| 856 | 40|qPDF|s568 Ko|uhttps://publications.gc.ca/collections/collection_2025/statcan/75f0002m2025002-fra.pdf |
| 856 | 4 |qHTML|sS.O.|uhttps://www150.statcan.gc.ca/n1/pub/75f0002m/75f0002m2025002-fra.htm |